| 000 | 00879nam a2200277 a 4500 | ||
|---|---|---|---|
| 001 | 907 | ||
| 003 | BR-CuiBMT | ||
| 005 | 20231212155426.0 | ||
| 008 | 231122s2007 mgb 001 0 por d | ||
| 020 | _a9788577000524 | ||
| 040 |
_aBR-CuiBMT _cBR-CuiBMT |
||
| 080 |
_a347.191 _22007 |
||
| 090 |
_a347.191 _bF375c |
||
| 100 | 1 | 0 | _aFerrari, Paola Nery |
| 245 |
_aControle das organizações sociais / _cPaola Nery Ferrari, Regina Maria Macedo Nery Ferrari ; prefácio Romeu Felipe Bacellar Filho. |
||
| 260 |
_aBelo Horizonte : _bFórum, _c2007. |
||
| 300 |
_a170 p. ; _c22 cm |
||
| 504 | _aInclui bibliografia e índice. | ||
| 650 |
_aOrganizações sociais _zBrasil |
||
| 650 |
_aAdministração pública _zBrasil |
||
| 650 | _aTerceiro setor | ||
| 650 | _aControle externo | ||
| 650 | _aControle interno | ||
| 700 | _aFerrari, Regina Maria Macedo Nery | ||
| 942 |
_2udc _cLV |
||
| 999 |
_c907 _d907 |
||